| 000 | 01313nac a22003131i 4500 | ||
|---|---|---|---|
| 003 | EG-ScBUE | ||
| 005 | 20230402113028.0 | ||
| 008 | 230402s2006 enk f b 001 0 eng d | ||
| 020 | _a0415268133 (pbk. : alk. paper) | ||
| 020 | _a9780415268134 | ||
| 040 |
_aEG-ScBUE _beng _erda _cEG-ScBUE _dEG-ScBUE |
||
| 041 | 1 |
_aeng _hger |
|
| 082 | 0 | 4 |
_a792.0223 _bLEH _222 |
| 100 | 1 |
_aLehmann, Hans-Thies, _eauthor. |
|
| 245 | 1 | 0 |
_aPostdramatic theatre / _cHans-Thies Lehmann ; translated and with an introduction by Karen Jürs-Munby. |
| 264 | 1 |
_aLondon ; _aNew York : _bRoutledge, _c2006. |
|
| 300 |
_ax, 214 p. ; _c24 cm |
||
| 504 | _aIncludes bibliographical references and index. | ||
| 546 | _aText in English ; translated from the original Germany. | ||
| 650 | 7 |
_aTheater _zGermany _xHistory _y20th century. _2BUEsh |
|
| 650 | 7 |
_aExperimental theater _zGermany _xHistory _y20th century. _2BUEsh |
|
| 650 | 7 |
_aGerman drama _y20th century _xHistory and criticism. _2BUEsh |
|
| 653 | _bART | ||
| 655 | _vReading book | ||
| 700 | 1 |
_aJürs-Munby, Karen, _etranslator, _eauthor of introduction, etc. |
|
| 856 | 4 | 1 |
_3Table of contents only _uhttp://www.loc.gov/catdir/toc/ecip0517/2005022646.html |
| 856 | 4 | 1 |
_3Publisher description _uhttp://www.loc.gov/catdir/enhancements/fy0654/2005022646-d.html |
| 942 |
_cBB _2ddc |
||
| 999 |
_c3343 _d3343 |
||